<?xml version="1.0" encoding="UTF-8"?>
<record
    xmlns:xsi="http://www.w3.org/2001/XMLSchema-instance"
    xsi:schemaLocation="http://www.loc.gov/MARC21/slim http://www.loc.gov/standards/marcxml/schema/MARC21slim.xsd"
    xmlns="http://www.loc.gov/MARC21/slim">

  <leader>01269nam a2200325Ia 4500</leader>
  <controlfield tag="003">OSt</controlfield>
  <controlfield tag="005">20230614091531.0</controlfield>
  <controlfield tag="008">210210b2001   xxu||||| |||| 00| 0 eng d</controlfield>
  <datafield tag="020" ind1=" " ind2=" ">
    <subfield code="a">9780071202510</subfield>
  </datafield>
  <datafield tag="040" ind1=" " ind2=" ">
    <subfield code="c">AL</subfield>
  </datafield>
  <datafield tag="041" ind1=" " ind2=" ">
    <subfield code="a">eng</subfield>
  </datafield>
  <datafield tag="082" ind1=" " ind2=" ">
    <subfield code="a">001.6425 PRES</subfield>
    <subfield code="2">23</subfield>
  </datafield>
  <datafield tag="100" ind1=" " ind2=" ">
    <subfield code="a">Roger S Pressman</subfield>
    <subfield code="9">123649</subfield>
  </datafield>
  <datafield tag="245" ind1=" " ind2=" ">
    <subfield code="a">Software engineering a practitioners approach</subfield>
  </datafield>
  <datafield tag="250" ind1=" " ind2=" ">
    <subfield code="a">5</subfield>
  </datafield>
  <datafield tag="260" ind1=" " ind2=" ">
    <subfield code="a">Boston.</subfield>
    <subfield code="b">McGraw-Hill Higher Education.,</subfield>
    <subfield code="c">2001</subfield>
  </datafield>
  <datafield tag="300" ind1=" " ind2=" ">
    <subfield code="a">xxviii,860p.</subfield>
    <subfield code="b">PB</subfield>
    <subfield code="c">23x18cm.</subfield>
  </datafield>
  <datafield tag="365" ind1=" " ind2=" ">
    <subfield code="2">Computer Application &amp; Animation</subfield>
  </datafield>
  <datafield tag="520" ind1=" " ind2=" ">
    <subfield code="a">This work has been updated to include chapters on Web engineering and component-based software engineering. It provides a greater emphasis on UML, in-depth coverage of testing and metrics for object-orientated systems and discussion about management and technical topics in software engineering.
</subfield>
  </datafield>
  <datafield tag="650" ind1=" " ind2=" ">
    <subfield code="a">Software Engineering</subfield>
    <subfield code="9">123650</subfield>
  </datafield>
  <datafield tag="650" ind1=" " ind2=" ">
    <subfield code="a">Software Process and Project Metrics</subfield>
    <subfield code="9">123653</subfield>
  </datafield>
  <datafield tag="650" ind1=" " ind2=" ">
    <subfield code="a">Software Project Planning</subfield>
    <subfield code="9">123654</subfield>
  </datafield>
  <datafield tag="650" ind1=" " ind2=" ">
    <subfield code="a">Risk Analysis and Management</subfield>
    <subfield code="9">123655</subfield>
  </datafield>
  <datafield tag="650" ind1=" " ind2=" ">
    <subfield code="a">System Engineering</subfield>
    <subfield code="9">123656</subfield>
  </datafield>
  <datafield tag="650" ind1=" " ind2=" ">
    <subfield code="a">Web Engineering</subfield>
    <subfield code="9">123657</subfield>
  </datafield>
  <datafield tag="690" ind1=" " ind2=" ">
    <subfield code="a">Computer Science</subfield>
    <subfield code="9">123651</subfield>
  </datafield>
  <datafield tag="700" ind1=" " ind2=" ">
    <subfield code="a">PRESSMAN (Roger S)</subfield>
    <subfield code="9">123652</subfield>
  </datafield>
  <datafield tag="906" ind1=" " ind2=" ">
    <subfield code="a">057534</subfield>
  </datafield>
  <datafield tag="942" ind1=" " ind2=" ">
    <subfield code="2">ddc</subfield>
    <subfield code="c">BK</subfield>
  </datafield>
  <datafield tag="999" ind1=" " ind2=" ">
    <subfield code="c">104747</subfield>
    <subfield code="d">104747</subfield>
  </datafield>
  <datafield tag="952" ind1=" " ind2=" ">
    <subfield code="0">0</subfield>
    <subfield code="1">0</subfield>
    <subfield code="2">ddc</subfield>
    <subfield code="4">0</subfield>
    <subfield code="7">0</subfield>
    <subfield code="8">CAA</subfield>
    <subfield code="a">AL</subfield>
    <subfield code="b">AL</subfield>
    <subfield code="c">SK</subfield>
    <subfield code="d">2021-02-17</subfield>
    <subfield code="e">Higginbothams (P) Ltd., Mangalore-01.</subfield>
    <subfield code="g">460.00</subfield>
    <subfield code="l">0</subfield>
    <subfield code="o">001.6425 PRES</subfield>
    <subfield code="p">057562</subfield>
    <subfield code="r">2021-02-17 00:00:00</subfield>
    <subfield code="w">2021-02-17</subfield>
    <subfield code="y">BK</subfield>
  </datafield>
  <datafield tag="952" ind1=" " ind2=" ">
    <subfield code="0">0</subfield>
    <subfield code="1">0</subfield>
    <subfield code="2">ddc</subfield>
    <subfield code="4">0</subfield>
    <subfield code="7">0</subfield>
    <subfield code="8">CAA</subfield>
    <subfield code="a">AL</subfield>
    <subfield code="b">AL</subfield>
    <subfield code="c">Computer Science</subfield>
    <subfield code="d">2021-02-17</subfield>
    <subfield code="e">Higginbothams (P) Ltd., Mangalore-01.</subfield>
    <subfield code="g">460.00</subfield>
    <subfield code="l">0</subfield>
    <subfield code="o">001.6425 PRES</subfield>
    <subfield code="p">057534</subfield>
    <subfield code="r">2021-02-17 00:00:00</subfield>
    <subfield code="w">2021-02-17</subfield>
    <subfield code="y">BK</subfield>
  </datafield>
  <datafield tag="952" ind1=" " ind2=" ">
    <subfield code="0">0</subfield>
    <subfield code="1">0</subfield>
    <subfield code="2">ddc</subfield>
    <subfield code="4">0</subfield>
    <subfield code="7">0</subfield>
    <subfield code="8">CAA</subfield>
    <subfield code="a">AL</subfield>
    <subfield code="b">AL</subfield>
    <subfield code="d">2023-06-08</subfield>
    <subfield code="l">0</subfield>
    <subfield code="o">001.6425 PRES</subfield>
    <subfield code="p">D05746</subfield>
    <subfield code="r">2023-06-12 00:00:00</subfield>
    <subfield code="w">2023-06-12</subfield>
    <subfield code="y">DB</subfield>
    <subfield code="z">Donated by Sabita Merlyn Dsouza</subfield>
  </datafield>
</record>
